Wordperfect 7 for windows 95 essentials / (Record no. 198691)
[ view plain ]
| 000 -LEADER | |
|---|---|
| fixed length control field | 00752 a2200181 4500 |
| 003 - CONTROL NUMBER IDENTIFIER | |
| control field | Nust |
| 005 - DATE AND TIME OF LATEST TRANSACTION | |
| control field | 20230531104129.0 |
| 010 ## - LIBRARY OF CONGRESS CONTROL NUMBER | |
| LC control number | 9574873 |
| 020 ## - INTERNATIONAL STANDARD BOOK NUMBER | |
| International Standard Book Number | 1575760185 |
| 040 ## - CATALOGING SOURCE | |
| Transcribing agency | Nust |
| 082 ## - DEWEY DECIMAL CLASSIFICATION NUMBER | |
| Classification number | 005.3,ACK |
| 100 ## - MAIN ENTRY--PERSONAL NAME | |
| Personal name | Acklen, Laura |
| 9 (RLIN) | 98211 |
| 245 ## - TITLE STATEMENT | |
| Title | Wordperfect 7 for windows 95 essentials / |
| Statement of responsibility, etc. | Laura Acklen |
| 260 ## - PUBLICATION, DISTRIBUTION, ETC. | |
| Place of publication, distribution, etc. | USA |
| Name of publisher, distributor, etc. | QUE |
| Date of publication, distribution, etc. | 1997 |
| 300 ## - PHYSICAL DESCRIPTION | |
| Extent | 246p |
| 505 ## - FORMATTED CONTENTS NOTE | |
| Formatted contents note | Getting started with wordperfect7 (Page-1), working with documents (Page-31), Editing documents (Page-63), Using the writing tools(Page 89), Formatting documents (Page-111), Advanced editing (Page-139), Advanced formatting techniques (Page-167) Using tables and graphics, (Page-197), Working with windows95 and windows NT 4.0 (Page-225). |
| 942 ## - ADDED ENTRY ELEMENTS (KOHA) | |
| Source of classification or shelving scheme | |
| Koha item type | Book |
| Call number prefix | 005.3,ACK |
| Withdrawn status | Lost status | Source of classification or shelving scheme | Damaged status | Not for loan | Permanent Location | Current Location | Shelving location | Date acquired | Full call number | Barcode | Date last seen | Price effective from | Koha item type | Public note |
|---|---|---|---|---|---|---|---|---|---|---|---|---|---|---|
| Military College of Signals (MCS) | Military College of Signals (MCS) | General Stacks | 12/12/2016 | 005.3,ACK | MCS27024 | 12/08/2016 | 12/12/2016 | Book | Almirah No.80, Shelf No.5 |
